Stochastic models for structured populations: scaling limits and long time behavior
Saved in:
| Main Authors: | , |
|---|---|
| Format: | Bog |
| Sprog: | engelsk |
| Udgivet: |
Heidelberg
Springer
2015
|
| Udgivelse: | 1a. ed |
| Fag: | |
| Tags: |
Tilføj Tag
Ingen Tags, Vær først til at tagge denne postø!
|
MARC
| LEADER | 00000cam a2200000 a 4500 | ||
|---|---|---|---|
| 001 | UCD6016 | ||
| 003 | CL-VaPUC | ||
| 008 | 161111e20150000gw |||||||||||||||||eng|d | ||
| 020 | |a 9783319217109 | ||
| 082 | 0 | 4 | |a 302.015195 |b BAN |2 21 |
| 100 | 0 | |a Bansaye, Vincent |e author |9 589746 | |
| 700 | 0 | |a Meleard, Sylvie |e author |9 589747 | |
| 245 | 1 | 0 | |a Stochastic models for structured populations: scaling limits and long time behavior |
| 250 | |a 1a. ed | ||
| 300 | |a 107 p | ||
| 942 | |c BK | ||
| 945 | |d 20161111 10:35:00 |a dcastane | ||
| 260 | |a Heidelberg |b Springer |c 2015 | ||
| 650 | 0 | |a Procesos sociales |9 337802 | |
| 650 | 0 | |a Estadística aplicada |9 270522 | |
| 650 | 0 | |a Sociometría |9 271452 | |
| 650 | 0 | |a Modelos Estocasticos |9 384810 | |
| 650 | 0 | |a Modelos matemáticos |9 259437 | |
| 650 | 0 | |a Cadenas de Markov |9 350699 | |
| 583 | |a last modification |c 20161111 10:35:00 |k Rodrigo Vera | ||
| 999 | |c 366471 |d 366469 | ||
| 952 | |0 0 |1 0 |3 erb |4 0 |6 302_015195000000000_BAN_2015 |7 0 |8 A |9 480729 |a BIBGIM |b BIBGIM |i 5347866 |o 302.015195 BAN 2015 |p 5347866 |r 2025-01-15 |w 2019-11-24 |y BK |z Catalogado en:20161111 |k EST | ||